000 01788nam a22005057a 4500
003 OSt
005 20230413095134.0
008 221006b |||||||| |||| 00| 0 eng d
040 _cBiblioteca Lado V
082 _a700
_bK41a
100 _9797
_aKerraoul, Jean Pierre de
_eeditor
_edirector
245 _aArtpress/
260 _bCourt Gallerie
_c2004
_aParis
300 _c21x28cm
_a98p.
366 _eeng
366 _efre
490 _v04
_v2004
_x0245 5676
_a305
505 _texporama
505 _tdossier Fiac: marche de l'art et alentour
505 _tFiac in progress
505 _tDaniel Filipacchi
505 _tle couturier, la valeur, l'artiste et leur exposition
505 _tIsaac Julien "snow queen"
505 _tBernd et Hilla Becher l'utopie epinglee
505 _tart press livres
505 _tPhilippe Forest sarinagara
505 _tBernard Comment un poisson hors de l'eau
505 _tPhilip Roth le doigt sur la plaie
505 _tKenji Nakagami miracle
505 _tGilbert & George intime conversation avec Francois Jonquet
505 _tle feulleton
505 _tles expositions
505 _tles arts electroniques
505 _tle theatre
650 _2Tesauro de Arte & Arquitectura
_aARTE
_9703
650 _2Tesauro de Arte & Arquitectura
_aEXPOSICIONES
650 _2Tesauro de Arte & Arquitectura
_aBIENAL
650 _2Tesauro de Arte & Arquitectura
_aAPRECIACION
650 _2Tesauro de Arte & Arquitectura
_aTEORIA
650 _2Tesauro de Arte & Arquitectura
_aCRITICA
650 _2Tesauro de Arte & Arquitectura
_aFOTOGRAFIA
_9702
650 _2Tesauro de Arte & Arquitectura
_aLITERATURA
650 _2Tesauro de Arte & Arquitectura
_aPARIS
942 _2ddc
_c1
_h700
_iK41a
_n0
999 _c3353
_d3353